Concierto para clave y orquesta de arcos en re menor BWV 1052 ; Concierto para clave y orquesta de arcos en fa menor BWV 1056 ; Concierto para cuatro claves y orquesta de arcos en la menor BWV 1065 / (Record no. 28957)

MARC details
000 -LEADER
campo de control de longitud fija 01194ntaaa2200229 4500
003 - IDENTIFICADOR DE NÚMERO DE CONTROL
campo de control 01
005 - FECHA Y HORA DE LA ÚLTIMA TRANSACCIÓN
campo de control 20251027203337.0
008 - DATOS DE LONGITUD FIJA--INFORMACIÓN GENERAL
campo de control de longitud fija 0714s1973 ag 01
040 ## - FUENTE DE CATALOGACIÓN
Centro catalogador/agencia de origen AR-BaBN
Lengua de catalogación spa
Centro/agencia transcriptor AR-BaBN
Normas de descripción aacr
Centro/agencia modificador RIC
100 ## - ENTRADA PRINCIPAL--NOMBRE DE PERSONA
Nombre de persona Bach, Johann Sebastian
Fechas asociadas al nombre 1685-1750
245 ## - MENCIÓN DEL TÍTULO
Título Concierto para clave y orquesta de arcos en re menor BWV 1052 ; Concierto para clave y orquesta de arcos en fa menor BWV 1056 ; Concierto para cuatro claves y orquesta de arcos en la menor BWV 1065 /
Mención de responsabilidad, etc. Johann Sebastian Bach
260 ## - PUBLICACIÓN, DISTRIBUCIÓN, ETC.
Lugar de publicación, distribución, etc. Buenos Aires :
Nombre del editor, distribuidor, etc. Viscontea [distribuidor],
Fecha de publicación, distribución, etc. c1979
300 ## - DESCRIPCIÓN FÍSICA
Extensión 1 disco son. (ca. 45 min.) ;
Dimensiones analógico, 33 1/3 rpm, estereo ; 12 plg.
490 ## - MENCIÓN DE SERIE
Mención de serie Los grandes músicos ;
Designación de volumen o secuencia 39
500 ## - NOTA GENERAL
Nota general Título tomado del fascículo complementario
500 ## - NOTA GENERAL
Nota general Martin Galling, clave ; Bach Collegium de Stuttgart, Helmuth Rilling, director
500 ## - NOTA GENERAL
Nota general Martin Galling, Hedwig Bilgram, Franz Lehrndorfer, Kurt-Heinz Stolze, claves ; Orquesta de Cámara de Maguncia, Günter Kehr, director
500 ## - NOTA GENERAL
Nota general Fabricado por: CBS. Licencia de: Vox-Turnabout-MMG (The Moss Music Group)
500 ## - NOTA GENERAL
Nota general Duraciones: 23 min., 55 seg. ; 10 min., 55 seg. ; 10 min., 7 seg.
650 ## - PUNTO DE ACCESO ADICIONAL DE MATERIA--TÉRMINO DE MATERIA
Término de materia o nombre geográfico como elemento de entrada MUSICA
942 ## - ELEMENTOS DE ENTRADA SECUNDARIOS (KOHA)
Tipo de ítem Koha Colección General
Holdings
Estatus retirado Estado de pérdida Estado de daño No para préstamo Biblioteca de origen Biblioteca actual Fecha de adquisición Número de inventario Total de préstamos Código de barras Visto por última vez Precio de reemplazo Tipo de ítem Koha
        Biblioteca Pluis Biblioteca Pluis 27/10/2025 045479   045479 27/10/2025 27/10/2025 Colección General